| 000 | 00758nam a2200229 i 4500 | ||
|---|---|---|---|
| 001 | 189426 | ||
| 003 | SpMaBN | ||
| 005 | 20230906223454.0 | ||
| 008 | 190531s1998 sp a |||| | eng d | ||
| 020 | _a84-294-5382-2 | ||
| 080 | _a811.111(076.1) | ||
| 100 | 1 |
_aDavies, Pam. _9167188 |
|
| 245 | 1 | 0 |
_aFrankenstein / _cadapted by Pam Davies ; [Mary Shelley ; illustrations, Darrell Warner]. |
| 260 |
_aLondon : _bRichmond, _c1998 ( _e[Madrid] : _fPalgraphic) |
||
| 300 |
_a95 p. : _bil. ; _c20 cm. |
||
| 490 | 1 |
_aRichmond readers ; _vlevel 3 |
|
| 650 | 0 | 7 |
_aLengua inglesa- _vLecturas. _914279 |
| 700 | 1 |
_aShelley, Mary Wollstonecraft. _9106070 |
|
| 830 | 0 |
_aRichmond readers ; _vlevel 3 _9225826 |
|
| 852 |
_aES-MaACL _jL-32422 |
||
| 999 |
_c189426 _d189426 |
||